Statistiques concernant Années de Mariage - Noms des Noces

Cliquez ici pour prendre le quiz!

Statistiques générales

  • Ce quiz a été pris 118 fois
  • Le résultat moyen est 28 sur 100

Statistiques - réponses

Années de Mariage Noces de... % Correct
50Or
100%
25Argent
97%
60Diamant
88%
1Coton
88%
40Emeraude
83%
41Fer
78%
5Bois
77%
35Rubis
77%
16Saphir
77%
32Cuivre
75%
70Platine
70%
80Chêne
70%
22Bronze
68%
37Papier
65%
7Laine
62%
12Soie
57%
17Rose
57%
10Etain
57%
14Plomb
48%
100Eau
46%
76Zinc
43%
48Améthyste
43%
26Jade
41%
34Ambre
39%
44Topaze
39%
30Perle
38%
15Cristal
36%
72Titane
36%
20Porcelaine
35%
24Satin
33%
29Velours
33%
2Cuir
32%
38Mercure
30%
21Opale
30%
28Nickel
28%
63Lilas
28%
45Vermeil
25%
42Nacre
25%
55Orchidée
25%
68Granit
25%
62Ivoire
25%
78Ebène
25%
90Granit
25%
46Lavande
23%
13Muguet
22%
18Turquoise
22%
79Bambou
22%
49Cèdre
22%
8Coquelicot
22%
58Erable
20%
61Platane
20%
92Lys
19%
66Jasmin
17%
9Faïence
17%
11Corail
17%
75Albâtre
16%
85Uranium / Morganite
16%
3Froment
16%
4Cire
14%
23Béryl
14%
52Tourmaline
14%
47Cachemire
14%
97Tourmaline
14%
93Lapis-Lazuli
13%
56Lapis-Lazuli
13%
27Acajou
13%
71Ocre
13%
36Mousseline
13%
39Crêpe
12%
59Vison
12%
89Onyx
10%
43Flanelle
10%
73Fonte
10%
69Mélèze
9%
54Zibeline
9%
53Merisier
9%
19Cretonne
9%
84Iris
7%
82Grenat
7%
51Camélia
7%
57Azalée
7%
6Chypre
7%
65Palissandre
7%
77Silice
7%
31Basane
6%
64Astrakan
6%
83Vanille
6%
33Porphyre
6%
67Chinchilla
6%
74Sienne
4%
86Jaspe
3%
81Cornaline
1%
88Pehuen
0%
94Peridot
0%
95Adonsonia
0%
96Potasse
0%
87Psilocybe
0%
98If
0%
99Araucaria
0%
91Héliodore
0%

Distribution des résultats

Percentile by Number Answered

% des personnes avec chaque résultat

Votre développement - résultats

Vous n’avez pas pris ce quiz